Athribis IX : Die Fassade, der Pronaos, der Querraum und die dekorierten Blöcke und Fragmente des Tempels Ptolemaios XII /

Saved in:

Main Author: Böttcher, Susan (Author)

Other Authors: Leitz, Christian, Mendel, Daniela

Format: Book

Language: German

Published: Le Caire : Institut français d'archéologie orientale, 2025.

Series: Athribis ; 9.

Subjects:

Tags: Add Tag

No Tags, Be the first to tag this record!

Call Number: DT73 .A9 v.9

LEADER 00915nam a22002657a 4500
003 OSt
005 20260430075324.0
008 260427s2025 ua a 000 0 ger d
020 |a 9782724710854 
040 |c ARCE Library 
050 4 |a DT73 .A9 v.9 
100 0 |a Böttcher, Susan,   |e author 
245 1 0 |a Athribis IX :   |b Die Fassade, der Pronaos, der Querraum und die dekorierten Blöcke und Fragmente des Tempels Ptolemaios XII /   |c Susan Böttcher 
264 1 |a Le Caire :   |b Institut français d'archéologie orientale,   |c 2025. 
300 |a 524 pages :   |b illustrations ;   |c 29 cm. 
490 0 |a Athribis ;   |v 9. 
650 0 |a Architectural texts   |y Ptolemaic  |z Egypt. 
650 0 |a Egyptology   |x Hieroglyphic studies 
650 0 |a Inscriptions, Egyptian. 
651 0 |a Athribis (Extinct city)  
700 0 |a Leitz, Christian 
700 0 |a Mendel, Daniela  
901 |a reviewed 
942 |2 lcc  |c BK 
999 |c 61893  |d 61893